000 00657nam a22001937a 4500
003 0
005 20160609170232.0
008 101213t xxu||||| |||| 00| 0 eng d
040 _aBUAC
_cEPAC
100 _aAkpi, Giscard Simon
_912306
130 _lfr
_912307
245 _aContribution à l'introduction d'une méthode de concentration en coprologie parasitaire complet à l'hôpital de zone d'Abomey-Calavi /Sô-Ava
260 _aAbomey-Calavi
_bEPAC-UAC
_c2008
300 _aXI-35p.
650 _aCONCENTRATION
_bCOPROLOGIE
_912308
650 _aPARASITAIRE
_bHOPITAL DE ZONE SO- AVA
_912309
700 _aMabou, Patrice Makponsé
_912310
942 _cTHE
999 _c48552
_d48552